000 00768cam a2200253 a 4500
999 _c1149
_d1149
001 .b14755853
003 OSt
005 20220314104036.0
008 121204s2010 enk 000 1 eng d
020 _a9781407109374 (pbk.)
040 _aPTTCL
_beng
_cPTTCL
_dKH8
082 0 _aFIC COL
100 1 _aCollins, Suzanne.
_eAuthor
245 1 0 _aMockingjay /
_cSuzanne Collins.
260 _aLondon, UK :
_bScholastic,
_cc2010.
300 _a455, [3] p. ;
_c20 cm.
440 4 _aThe Hunger Games ;
_v[bk. 3]
650 0 _aInsurgency
_vJuvenile fiction.
650 0 _aSurvival
_vJuvenile fiction.
650 0 _aTelevision programs
_vJuvenile fiction.
650 0 _aInterpersonal relations
_vJuvenile fiction.
650 0 _aContests
_vJuvenile fiction.
942 _2ddc
_cFIC